• 首页
  • 本馆介绍
  • 公告通知
  • 最新文献
  • 馆藏检索
  • 电子资源
  • 读者导购
  • 参考咨询
  • 我的图书馆
  • 登录
  • 详细信息显示
  • 放入我的书架
  • 预约/预借图书
  • 作者相关作品
  • 分类相关作品
  • 丛书相关作品
  • 出版社相关作品

书目信息

  • 表格格式
  • 工作单格式
  • 卡片格式
题名:
图说中国书画装裱
    
 
作者: 严桂荣 著 ;杨惠珍 整理
分册:  
出版信息: 上海   上海人民美术出版社  2016
页数: 126页
开本: 29cm
丛书名:
单 册:
中图分类: J211.7-64
科图分类:
主题词: 书画装裱--中国--图解
电子资源:
ISBN: 978-7-5322-9744-3
000 00742nam0 2200229 450
001 5841
005 20180529224205.72
010    @a978-7-5322-9744-3@dCNY48.00
100    @a20150920d2016 em y0chiy50 ea
101 0  @achi
102    @aCN@b310000
105    @aa z 000yy
200 1  @a图说中国书画装裱@9tu shuo zhong guo shu hua zhuang biao@f严桂荣著@g杨惠珍整理
210    @a上海@c上海人民美术出版社@d2016
215    @a126页@c图@d29cm
330    @a本书以严桂荣先生口传手授的方法,用图片形式,介绍新画装裱和古画修复。
606 0  @a书画装裱@y中国@j图解
690    @aJ211.7-64@v5
701  0 @a严桂荣@9yan gui rong@f(1920-)@4著
702  0 @a杨惠珍@9yang hui zhen@4整理
801  0 @aCN@b91MARC@c20150920
905    @aMuseLib@dJ211.7-64@e861
    
    图说中国书画装裱/严桂荣著/杨惠珍整理.-上海:上海人民美术出版社,2016
    126页:图;29cm
    
    
    ISBN 978-7-5322-9744-3:CNY48.00
    本书以严桂荣先生口传手授的方法,用图片形式,介绍新画装裱和古画修复。
●
相关链接 在E读中查询图书 在五车中查询图书 在当当中查询图书 在豆瓣中查询图书


正题名:图说中国书画装裱     索取号:J211.7-64/861         预约/预借

序号 登录号 条形码 馆藏地/架位号 状态 备注
1 1115248   211152483   第一样本阅览室/ [索取号:J211.7-64/861] 在馆    
2 1115249   211152492   教育系资料室/ [索取号:J211.7-64/861] 在馆    
3 1115250   211152508   教育系资料室/ [索取号:J211.7-64/861] 在馆    
4 1115251   211152517   教育系资料室/ [索取号:J211.7-64/861] 在馆    
5 1115252   211152526   第一借阅区/ [索取号:J211.7-64/861] 在馆    
6 1115253   211152535   第一借阅区/ [索取号:J211.7-64/861] 在馆    
唐山师范学院图书馆 欢迎您!
大连网信软件有限公司© 版权所有